NDU-K Library Catalogue

Girl in a jacket 

Nonviolent social movements : (Record no. 23714)

MARC details
000 -LEADER
fixed length control field 01534cam a22004214a 4500
001 - CONTROL NUMBER
control field 4047899
003 - CONTROL NUMBER IDENTIFIER
control field OSt
005 - DATE AND TIME OF LATEST TRANSACTION
control field 20260427074803.0
008 - FIXED-LENGTH DATA ELEMENTS--GENERAL INFORMATION
fixed length control field 990129s1999 maua b 001 0 eng
010 ## - LIBRARY OF CONGRESS CONTROL NUMBER
LC control number 99017510
020 ## - INTERNATIONAL STANDARD BOOK NUMBER
International Standard Book Number 1577180755
Qualifying information hardcover : alk. paper
020 ## - INTERNATIONAL STANDARD BOOK NUMBER
International Standard Book Number 1577180763
Qualifying information pbk. : alk. paper
020 ## - INTERNATIONAL STANDARD BOOK NUMBER
International Standard Book Number 9781577180753
Qualifying information (hardcover : alk. paper)
020 ## - INTERNATIONAL STANDARD BOOK NUMBER
International Standard Book Number 9781577180760
Qualifying information (pbk. : alk. paper)
035 ## - SYSTEM CONTROL NUMBER
System control number 4047899
040 ## - CATALOGING SOURCE
Original cataloging agency DLC
Transcribing agency DLC
Modifying agency DLC
042 ## - AUTHENTICATION CODE
Authentication code pcc
050 00 - LIBRARY OF CONGRESS CALL NUMBER
Classification number HM278
Item number .N695 1999
082 00 - DEWEY DECIMAL CLASSIFICATION NUMBER
Classification number 303.6/1
Edition number 21
245 00 - TITLE STATEMENT
Title Nonviolent social movements :
Remainder of title a geographical perspective /
Statement of responsibility, etc. edited by Stephen Zunes, Lester R. Kurtz, and Sarah Beth Asher.
260 ## - PUBLICATION, DISTRIBUTION, ETC.
Place of publication, distribution, etc. Malden, Mass. :
Name of publisher, distributor, etc. Blackwell,
Date of publication, distribution, etc. 1999.
300 ## - PHYSICAL DESCRIPTION
Extent xii, 330 p. :
Other physical details ill. ;
Dimensions 24 cm.
336 ## - CONTENT TYPE
Content type term text
Content type code txt
Source rdacontent
337 ## - MEDIA TYPE
Media type term unmediated
Media type code n
Source rdamedia
338 ## - CARRIER TYPE
Carrier type term volume
Carrier type code nc
Source rdacarrier
504 ## - BIBLIOGRAPHY, ETC. NOTE
Bibliography, etc. note Includes bibliographical references and index.
650 #0 - SUBJECT ADDED ENTRY--TOPICAL TERM
Topical term or geographic name entry element Nonviolence.
650 #0 - SUBJECT ADDED ENTRY--TOPICAL TERM
Topical term or geographic name entry element Passive resistance.
650 #0 - SUBJECT ADDED ENTRY--TOPICAL TERM
Topical term or geographic name entry element Social movements.
700 1# - ADDED ENTRY--PERSONAL NAME
Personal name Zunes, Stephen.
700 1# - ADDED ENTRY--PERSONAL NAME
Personal name Kurtz, Lester R.
700 1# - ADDED ENTRY--PERSONAL NAME
Personal name Asher, Sarah Beth.
856 41 - ELECTRONIC LOCATION AND ACCESS
Materials specified Table of contents
Uniform Resource Identifier <a href="http://www.loc.gov/catdir/toc/fy036/99017510.html">http://www.loc.gov/catdir/toc/fy036/99017510.html</a>
906 ## - LOCAL DATA ELEMENT F, LDF (RLIN)
a 7
b cbc
c orignew
d 1
e ocip
f 19
g y-gencatlg
942 ## - ADDED ENTRY ELEMENTS (KOHA)
Source of classification or shelving scheme Library of Congress Classification
Koha item type Normal Collection
Suppress in OPAC No
Holdings
Withdrawn status Lost status Source of classification or shelving scheme Damaged status Not for loan Home library Current library Date acquired Inventory number Total Checkouts Full call number Barcode Date last seen Price effective from Koha item type
    Library of Congress Classification     International Peace Support Training Centre (IPSTC) International Peace Support Training Centre (IPSTC) 27/04/2026 37/2001   HM278 .N695 1999 200100372001 27/04/2026 27/04/2026 Normal Collection
Copyright © 2026 [National Defence University - Kenya]. All rights reserved.